000 00395 a2200133 4500
005 20250623134825.0
020 _a0-471-89363-3
082 _aLM 621.402 COF
100 _aCOFIELD, R. E.
245 _aDesign Manual for High Temperature Hot Water and Steam System
260 _aNew York,
_bJohn Wiley & Sons,
_c1983.
300 _axxii, 338p.: ill.; figure, table.
_bIndex.
_c23cm.
942 _2ddc
_cBKS
999 _c4274
_d4274